[Event "Carokann theme-B corr"]
[Site "corr"]
[Date "1998.??.??"]
[Round "?"]
[White "Venzi, Alan"]
[Black "Bradley, Jim"]
[Result "1-0"]
[WhiteElo "1500"]
[BlackElo "1910"]
[PlyCount "29"]
[EventDate "1998.05.19"]
[EventType "tourn (corr)"]
[EventRounds "9"]
[SourceTitle "Corr 2000"]
[Source "ChessBase"]
[SourceDate "2000.04.19"]
[SourceVersion "1"]
[SourceVersionDate "2000.04.19"]
[SourceQuality "1"]

1. e4 c6 2. d4 d5 3. exd5 cxd5 4. c4 Nf6 5. Bg5 Ne4 6. Be3 e5 7. dxe5 Bb4+ 8. Ke2 d4 9. Qxd4 Qxd4 10. Bxd4 Nc6 11. Be3 Nxe5 12. Bd4 Nxc4 13. f3 Nf6 14. a3 Be6 15. axb4 1-0